Регионална библиотека "Любен Каравелов" - Русе

Софроний (Запис номер 162840)

MARC детайли
000 -Лидер
Контролно поле с фиксирана дължина 01781nam a2200373 c 4500
003 - Код на организацията, давaща контролен номер
Контролно поле BLK
005 - Дата и час на последна редакция
Контролно поле 20230401030328.0
008 - Елементи от данни с фиксирана дължина
fixed length control field 180410b bul|||||r ||||||| ||bul||
010 ## - Наследен системен номер
LC control number KNG00170221000
040 ## - Източник на каталожния запис
Идентификатор на билиотеката - собственик на записа BLK
041 ## - Код за език
Код за езика на текст/звукозапис или на отделно заглавие Български
Код за езика КДБФ Български
080 ## - УДК
Текстов определител УДК Период на кризата на феодализма, зараждане на капиталистически отношения. Възраждане на българския народ (II пол. на ХVIII в. - 1878 г.)
УДК код - определител по УДК 94(497.2)"1750/1878"
УДК определител (092)
УДК - код + определител 94(497.2)"1750/1878"(092)
080 ## - УДК
Текстов определител УДК Българска литература
УДК код - определител по УДК 821.163.2
УДК определител (092)
УДК - код + определител 821.163.2(092)
080 ## - УДК
Текстов определител УДК поп Стойко Владиславов, по-късно Врачански епископ, български народен будител, духовник
УДК код - определител по УДК 929 Софроний Врачански, св.
УДК - код + определител 929 Софроний Врачански, св.
139 ## - Редно поле
Редна дума Софроний
Авторски знак Соф - С 53
245 10 - Сведения за заглавието
Заглавие Софроний
257 ## - Страна на издаване
Страна на създаване/издаване България
260 ## - Област на издателските данни
Година на издаване 1902
Печатница Габрово : печ. Заря
300 ## - Физическа характеристика
Страници 23 с.
Илюстрации и др. 1 л. портр.
Размери/Мащаб 15 см
380 ## - Жанр
Жанр История
490 1# - СЕРИИ (Колекции)
Име на серия Илюстрована библиотека Детско четиво
№: серия № 2
500 ## - Общи забележки
Забележка Подв. към Науката и бракът със сигн. І 1624 и инв. № 8685/57.
600 14 - Име на лице, използвано като предмет
За него / За нея Софроний Врачански
Свързани дати 1739-1813
Титли или други наименования, свързани с автора Владиславов, Стойко ; Софроний, епископ Врачански ; Софроний Врачански, св. ; Серафим, монах
9 (RLIN) 366013
650 #4 - Допълнително описание по предмет – тема
Основно описание – тема или топоним Възраждане - България - дейци
9 (RLIN) 243707
650 #4 - Допълнително описание по предмет – тема
Основно описание – тема или топоним Биографии
9 (RLIN) 148657
653 ## - Ключова дума – ненормативна
Ключова дума видни личности
653 ## - Ключова дума – ненормативна
Ключова дума българска история
653 ## - Ключова дума – ненормативна
Ключова дума Възраждане
653 ## - Ключова дума – ненормативна
Ключова дума Софроний Врачански
852 ## - Местоположение
Форматна сигнатура Цб І 1290
856 4# - Електронен адрес и достъп
Електронен формат pdf - файл
856 4# - Електронен адрес и достъп
Електронен формат pdf - файл
999 ## - СИСТЕМНИ КОНТРОЛНИ НОМЕРА
Koha biblionumber 162840
Koha biblioitemnumber 162840
942 ## - АРТИКУЛИ
Вид на библиотечния материал Книги
Скрит в OPAC Не
Периодичен библиозапис Да
944 ## - СЪЗДАВАНЕ И РЕДАКЦИЯ на ЗАПИСА
Създаване/Редакция Създаване
Дата на регистрацията/редакция 26.01.2015
Служител, извършил регистрацията/редакцията Наталия_Медовщикова
944 ## - СЪЗДАВАНЕ И РЕДАКЦИЯ на ЗАПИСА
Създаване/Редакция Редакция
Дата на регистрацията/редакция 30.01.2015
Служител, извършил регистрацията/редакцията Пенка_Димитрова
999 ## - СИСТЕМНИ КОНТРОЛНИ НОМЕРА
Koha biblioitemnumber 162840
Наличности
Код за отписване Код за изгубен артикул Източник на класификационната схема Код за повреда Коз за рестрикции Код за отдаване Артикулен № Име на библиотеката - собственик Име на библиотеката, в която се намира в момента Статус (Текущо местоположение) Дата на вписване в системата Местоположение - отдел Цена в лева Инвентарен номер Систематично азбучна сигнатура Баркод Номер на екземпляра Цена в евро Служебна бележка Служебен тип на артикула
  Не е изгубен Universal Decimal Classification Не е повреден без рестрикции ползва се в читалня 272208 Регионална библиотека "Любен Каравелов" Русе Регионална библиотека "Любен Каравелов" Русе Хранилище 2015-01-31 Основен фонд - ползва се само за читалня 18.00 120000785029 Цб І 1624 120000785029 1 9.20 Дост: DA Вид: А N: 3 Дата: 31.01.2015 Книги
Vip Innovations Ltd, Rousse, Bulgaria 2025